Statistics for Most Present Musical Acts in 500 Greatest Songs of All Time (according to Rolling Stone, 2004)

Click here to take the quiz!

General Stats

  • This quiz has been taken 615 times
  • The average score is 13 of 30

Answer Stats

# of songs Band Top Song Song #2 Song #3 Song #4 % Correct
22The BeatlesH JYI W T H Y HL T B
98%
14The Rolling StonesSS F T DG SY C't A G W Y W
92%
11Elvis PresleyH DH HJ RM T
71%
12Bob DylanL A R SB I T WT T T A A-CT U I B
67%
6Led ZeppelinS T HW L LKB D
67%
7The Beach BoysG VG O KC GD't W B
60%
6U2OI S H't F W I'm L FW O W YS B S
57%
5The WhoM GW't G F AI C S F MB O'R
57%
5Elton JohnY SR MC I T WG Y B R
57%
4Aretha FranklinRI N L A M (T W I L Y)C O FD R W, D R M
53%
4Marvin GayeW's G OI H I T T GL's G I OS H
49%
6James BrownP's G A B N BI G Y (I F G)I's A M's M's M's WP, P, P
48%
6Chuck BerryJ B GMR O BR & R M
48%
7Jimi HendrixP HA A T WV C (S R)F L
47%
4NirvanaS L T SI BC A Y AA A
46%
6PrinceW D CL R CP R#
44%
4David BowieHCZ SY A
42%
4Stevie WonderSL F T CH GY A T S O M F
41%
5Ray CharlesW'd I SG O M MI C't S L YI G A W
40%
5Little RichardT-FL T SG G, M MT G C't H I
36%
4Buddy Holly and the CricketsT'l B T DN T AR OE
33%
5The ClashL CS I S O S I GT I VC C
33%
4Al GreenL's S TL A HT M T T RT O B A
28%
4Sam CookeA C I G CY S MW WC
25%
4Roy OrbisonCO, P WO T LI D
21%
4The Four TopsR O, I'l B TB I N Y LI C't H MS I T S O L
12%
4Muddy WatersH C MM BG M M WR S
10%
4The Everly BrothersA I H T D I DC's CB B LW U L S
9%
4Sly and the Family StoneF AE PD T T MS
7%
5The DriftersU O T RS T L D F MT G M BM H
4%

Score Distribution

Percentile by Number Answered

Percent of People with Each Score

Your Score History

You have not taken this quiz